LEADER 01043nam0-22002891i-450- 001 990001781790403321 005 20130214105819.0 035 $a000178179 035 $aFED01000178179 035 $a(Aleph)000178179FED01 035 $a000178179 100 $a20030910d1925----km-y0itay50------ba 101 0 $aita 102 $aIT 200 1 $aRelazione al Consiglio Superiore di Sanità intorno agli atti compiuti dall'amministrazione della sanità pubblica dal 1 luglio 1924 al 31 maggio 1925 210 $aRoma$cProvveditorato generale dello Stato$d1925 215 $a175$d30 cm 610 0 $aSalute pubblica 676 $a353.007 7 710 01$aItalia.$bDirezione generale della sanità pubblica$0289563 801 0$aIT$bUNINA$gRICA$2UNIMARC 901 $aBK 912 $a990001781790403321 952 $a60 MISC. A 6/20$fFAGBC 959 $aFAGBC 996 $aRelazione al Consiglio Superiore di Sanità intorno agli atti compiuti dall'amministrazione della sanità pubblica dal 1 luglio 1924 al 31 maggio 1925$9409398 997 $aUNINA LEADER 02015oam 2200553M 450 001 9910715622803321 005 20191121065734.2 035 $a(CKB)5470000002513839 035 $a(OCoLC)1065829990 035 $a(OCoLC)995470000002513839 035 $a(EXLCZ)995470000002513839 100 $a20070221d1842 ua 0 101 0 $aeng 135 $aurcn||||||||| 181 $ctxt$2rdacontent 182 $cc$2rdamedia 183 $acr$2rdacarrier 200 10$aResolution to rescind a resolution of the Senate, passed the 16th January, 1837. December 8, 1842. Submitted, and ordered to be printed 210 1$a[Washington, D.C.] :$c[publisher not identified],$d1842. 215 $a1 online resource (1 page) 225 1 $aSenate document / 27th Congress, 3rd session. Senate ;$vno. 2 225 1 $a[United States congressional serial set ] ;$v[serial no. 414] 300 $aBatch processed record: Metadata reviewed, not verified. Some fields updated by batch processes. 300 $aFDLP item number not assigned. 606 $aNo confidence motions 606 $aGovernment publications$zUnited States 606 $aConstitutional law 606 $aExecutive power 606 $aLegislative amendments 606 $aResolutions, Legislative 606 $aPresidents 608 $aLegislative materials.$2lcgft 615 0$aNo confidence motions. 615 0$aGovernment publications 615 0$aConstitutional law. 615 0$aExecutive power. 615 0$aLegislative amendments. 615 0$aResolutions, Legislative. 615 0$aPresidents. 701 $aBayard$b Richard H$g(Richard Henry),$f1796-1868$pWhig (DE)$01408598 801 0$bWYU 801 1$bWYU 801 2$bOCLCO 801 2$bOCLCQ 801 2$bOCLCO 906 $aBOOK 912 $a9910715622803321 996 $aResolution to rescind a resolution of the Senate, passed the 16th January, 1837. December 8, 1842. Submitted, and ordered to be printed$93517478 997 $aUNINA